Word Ladder: What's Your Number? Quiz Stats

 Plays Quiz Updated Dec 7, 2012

Support Sporcle.
Go Orange.
Score 0/25 Timer 03:00
0 Plays Today
Clue 4-Letter Word % Correct
*Arithmetic, Geometry, Algebra, etc.*MATH
99%
Prepare a suitcase for a vacationPACK
94.4%
A spherical object used in sportsBALL
94.3%
Ring up on the phoneCALL
92.5%
A green area in a cityPARK
91.7%
A bundle of hayBALE
90.9%
A storyTALE
90.6%
Having a whitish or wan complexionPALE
90.1%
A small nail or pushpinTACK
84.8%
A strong windGALE
84.1%
Mineral used in baby powderTALC
83.3%
Trim the skin off an applePARE
83%
Actor Richard of 'Pretty Woman'GERE
82%
Clue 4-Letter Word % Correct
Stumble and fallTRIP
81.7%
Synonym of period or semesterTERM
80%
Accompanier of bangers in a dishMASH
79.9%
One cause of diseaseGERM
79.4%
Sandy trouble on a golf courseTRAP
76%
*An area of [First Rung], for short*CALC
75%
A train station in FrenchGARE
73.6%
Arsenal, Thunder, All Blacks, etc.TEAM
73.3%
A streetcar or mine vehicleTRAM
68.4%
*An area of [First Rung], for short*TRIG
66.3%
Movie with Cher and Eric StoltzMASK
63%
Random ___: Parody of Bond's Odd JobTASK
60%

Today's Daily Dose

Missing Word
'80s Musicals

Word Ladder
Hereditary

Get the Picture
Food Names

From the Vault

World Turkey Population

by Booger

We know you'll just gobble up this quiz.
Remove Ads.
Support Sporcle.
Get the best of Sporcle when you Go Orange. This ad-free experience offers more features, more stats, and more fun while also helping to support Sporcle. Thank you for becoming a member.

Show Comments

Extras

Top Quizzes Today


Score Distribution

Your Account Isn't Verified!

In order to create a playlist on Sporcle, you need to verify the email address you used during registration. Go to your Sporcle Settings to finish the process.

Report this User

Report this user for behavior that violates our Community Guidelines.

Details: